Central Library OPAC University of Rajshahi

The human situation : (Record no. 1288)

MARC details
000 -LEADER
fixed length control field 00859cam a2200253u 4500
001 - CONTROL NUMBER
control field 1288
003 - CONTROL NUMBER IDENTIFIER
rucl marc code BD-RjUL
005 - DATE AND TIME OF LATEST TRANSACTION
control field 20211208233317.0
008 - FIXED-LENGTH DATA ELEMENTS--GENERAL INFORMATION
fixed length control field 131125s1937 nyu 001 0 eng d
035 ## - SYSTEM CONTROL NUMBER
System control number (BD-RjUL)1310
040 ## - CATALOGING SOURCE
Original cataloging agency DLC
Transcribing agency CarP
Modifying agency BD-RjUL
Language of cataloging eng
041 ## - LANGUAGE CODE
Language code of text/sound track or separate title eng
082 ## - DEWEY DECIMAL CLASSIFICATION NUMBER
Edition number 23
Classification number 909
Author mark and year DIH 1937
100 1# - MAIN ENTRY--PERSONAL NAME
Personal name Dixon, W. Macneile
Fuller form of name (William Macneile),
Dates associated with a name 1866-1945.
9 (RLIN) 3805
245 14 - TITLE STATEMENT
Title The human situation :
Remainder of title the Gifford lectures delivered in the University of Glasgow, 1935-37 /
Statement of responsibility, etc. W. Macneile Dixon.
260 ## - PUBLICATION, DISTRIBUTION, ETC. (IMPRINT)
Place of publication, distribution, etc. New York,
Name of publisher, distributor, etc. Longmans, Green & co.;
Place of publication, distribution, etc. London:
Name of publisher, distributor, etc. E, Arnold & co.,
Date of publication, distribution, etc. c1937[Reprinted 1957]
300 ## - PHYSICAL DESCRIPTION
Pagination 438 p. ;
Size 23 cm.
650 #0 - SUBJECT ADDED ENTRY--TOPICAL TERM
Topical term or geographic name as entry element Civilization
General subdivision Philosophy.
9 (RLIN) 3440
Topical term or geographic name as entry element Philosophy and religion.
9 (RLIN) 2766
Topical term or geographic name as entry element Science
General subdivision Philosophy.
9 (RLIN) 3806
942 ## - ADDED ENTRY ELEMENTS (KOHA)
Source of classification or shelving scheme Dewey Decimal Classification
Koha item type Books
Holdings
Lost status Source of classification or shelving scheme Damaged status Not for loan Collection code Permanent Location Current Location Shelving location Date acquired Source of acquisition Cost, normal purchase price Total Checkouts Full call number Date last seen Copy number Koha item type
  Dewey Decimal Classification   Not For Loan Non-fiction Central Library, University of Rajshahi Central Library, University of Rajshahi   07/03/1963 Zeitlinger 15.00   909 DIH 1957 25/11/2013 C-1 Books